00458pam a2200157 a 4500020002500000040002300025041001000048082001700058100002200075245008100097250001700178260005700195300001900252365001200271653001700283 c4423.00 (Hard Cover) aDental College Lib aengh a617.643bSTO aStockfisch, Hugo. aPrinciples and Practice of Dentofacial Orthopaedics / c.hTextual Documents a1st ed / b. aLondon : bQuintessence Publishing Co, Inc , c1995. a542 ; c31x22. a4423.00 aOrthodontics